Tendiendo puentes: entre hijos preadolescentes y sus padres

Gardado en:
Detalles Bibliográficos
Autor Principal: Quer Antrich, Santiago (Author)
Formato: Libro
Idioma:Lingua castelá
Publicado: Santiago San Pablo 1994
Series:Colección familia, 11
Subjects:
Tags: Engadir etiqueta
Sen Etiquetas, Sexa o primeiro en etiquetar este rexistro!

MARC

LEADER 00000nam a2200000 a 4500
001 UCY0594
003 CL-VaPUC
008 940805e19940000CL |||||||||||||||||spa|d
082 0 4 |a 306.85  |b QUE  |2 21 
100 0 |a Quer Antrich, Santiago  |e author  |9 328359 
245 1 0 |a Tendiendo puentes: entre hijos preadolescentes y sus padres 
300 |a 94 p 
942 |c BK 
945 |d 19940805 00:00:00  |a rbrito 
260 |a Santiago  |b San Pablo  |c 1994 
650 0 |a Familias   |9 255641 
650 0 |a Padres e hijos  |9 307753 
583 |a last modification  |c 19940805 00:00:00  |k Rodrigo Vera 
490 0 |a Colección familia, 11 
999 |c 229559  |d 229557 
952 |0 0  |1 0  |4 0  |6 306_850000000000000_QUE_1994  |7 0  |8 A  |9 230820  |a BIBEDU  |b BIBEDU  |d 2019-11-15  |i 300242K  |o 306.85 QUE 1994  |p 300242K  |r 2019-11-15  |w 2019-11-15  |y BK  |k EDU